| 000 | 01079nam a22003257a 4500 | ||
|---|---|---|---|
| 003 | CHAP | ||
| 005 | 20220329140642.0 | ||
| 008 | 971013s1975 r 00010 d | ||
| 010 | _a55390 | ||
| 011 | _a56362 | ||
| 035 | _a60515 | ||
| 040 | _cCHAP | ||
| 082 |
_a519.54 _bS5 1975 |
||
| 100 | 0 | 0 |
_aSilvey, Samuel David. _9106108 |
| 245 | _aStatistical inference | ||
| 250 | _aRev. ed. | ||
| 260 |
_aLondon : _bChapman and Hall, _c1975 |
||
| 300 | _a190 p. | ||
| 490 | _aMonographs on applied probability and statistics | ||
| 590 |
_aBATCH-UPD _b10 _c20130110 _lUCH01 _h0749 |
||
| 590 |
_aBATCH-UPD _b10 _c20130410 _lUCH01 _h0429 |
||
| 590 |
_aBATCH-UPD _b10 _c20130914 _lUCH01 _h1638 |
||
| 590 |
_aCONVERSION _b10 _c20130109 _lUCH01 _h1330 |
||
| 650 | 1 | 4 |
_aInferencia estadÃstica. _958062 |
| 830 | 0 |
_aMonographs on applied probability and statistics _977613 |
|
| 901 | _aBK | ||
| 942 | _cLIBRO | ||
| 949 |
_a519.54 S5 1975 _bBC _cLIBRO _d33724000386959 _eLIBRO _fc.2 _h52699 _i60515 _si _t260.00 |
||
| 949 |
_a519.54 S5 1975 _bBC _cLIBRO _d33724000386967 _eLIBRO _h52698 _i60515 _si _t260.00 |
||
| 999 |
_c55390 _d55390 |
||